000
002600000a22000970004500
100
1
_a
Gordon, Robert P.
245
1
0
_a
Inscribed post and Zechariah 14:20-1
300
_a
Vol. 42, Num. 1 (Enero, 1992), Páginas 120-123
773
0
_t
Vetus Testamentum
942
_c
ANA
999
_c
57720
_d
57720